1982 World Cup Winners - Italy - Statistics

General Stats
  • This quiz has been taken 98 times
  • The average score is 12 of 22
Answer Stats
# Position Answer % Correct
20 FW Paolo Rossi
98%
1 GK Dino Zoff
95%
2 DF Franco Baresi
72%
14 MF Marco Tardelli
72%
6 DF Claudio Gentile
67%
7 DF Gaetano Scirea
67%
18 FW Alessandro Altobelli
63%
3 DF Giuseppe Bergomi
63%
4 DF Antonio Cabrini
58%
16 FW Bruno Conti
58%
9 MF Giancarlo Antognoni
53%
19 FW Francesco Graziani
49%
5 DF Fulvio Collovati
47%
13 MF Gabriele Oriali
47%
12 GK Ivano Bordon
40%
15 FW Franco Causio
39%
17 FW Daniele Massaro
33%
21 FW Franco Selvaggi
33%
11 MF Giampiero Marini
33%
22 GK Giovanni Galli
33%
8 DF Pietro Vierchowod
32%
10 MF Giuseppe Dossena
25%
No matching quizzes found
Score Distribution
Percent of People with Each Score
Percentile by Number Answered
Your Score History
You have not taken this quiz